| 000 | 02222cam a22005054i 4500 | ||
|---|---|---|---|
| 003 | PE-LiUPU | ||
| 005 | 20250731172936.0 | ||
| 008 | 150623s r 000 0 d | ||
| 020 | _a0802841171 | ||
| 035 | _a(Sirsi) i9780802841179 | ||
| 040 |
_aPE-LiUPU _bspa _cPE-LiUPU _erda |
||
| 049 | _aPRUA | ||
| 082 | 0 | 4 |
_a231.044 _bT86 _221 |
| 245 | 0 | 4 |
_aThe Trinity in a pluralistic age : _btheological essays on culture and religion / _ceditado por Kevin J. Vanhoozer. |
| 264 | 1 |
_aMichigan : _bWilliam B. Eerdmans Publishing Company, _c1997. |
|
| 300 |
_a166 páginas ; _c23 centímetros |
||
| 336 |
_atext _2rdacontent |
||
| 337 |
_aunmediated _2rdamedia |
||
| 338 |
_avolume _2rdacarrier |
||
| 504 | _aBibliografía al pie de páginas. | ||
| 505 | 0 | _aThe trinity as public truth. -Explaining christianity to pagans: the second-century apologists. -The trinity and "other religions". -Does the trinity belong in a theology of religions? On angling in the rubicon and the "Identy" of God. -Is there a Trinitarian experience in sufism?. -The trinity, natural theology and a theology of nature. -Immanence and transcendence in trinitarian theology. -Karl Barth, the trinity, and religious pluralism. -Jürgen Moltmann's The trinity and the Kingdom of God and the question of pluralism. | |
| 526 | _aSEG42 | ||
| 526 | _aSEG41 | ||
| 526 | _aSEG40 | ||
| 526 | _aSEG39 | ||
| 526 | _aP94 | ||
| 526 | _aP87 | ||
| 526 | _aP86 | ||
| 526 | _aP85 | ||
| 526 | _aP77 | ||
| 526 | _aP76 | ||
| 526 | _aP35 | ||
| 650 | 0 | 4 |
_aCristianismo y cultura _xCongresos. |
| 650 | 0 | 4 |
_aMulticulturalismo _xCongresos. |
| 650 | 0 | 4 |
_aPluralismo religioso _xCongresos. |
| 650 | 0 | 4 |
_aPluralismo religioso _xCristianismo _xCongresos. |
| 650 | 0 | 4 |
_aTrinidad _xCongresos. |
| 700 | 1 |
_aVanhoozer, Kevin J., _eed. |
|
| 942 |
_2ddc _cBOOK |
||
| 949 |
_a231.044 T86 _wDEWEY _c1 _i44387 _lCCODEBUL1 _mBUL _r0 _sY _tBOOK _u2015-6-24 _xTEOLOGIA _PP35 _0COMPRA _o.STAFF. Colección General |
||
| 994 |
_aC0 _bPEPRU |
||
| 596 | _a1 | ||
| 999 |
_a231.044 T86 _wDEWEY _c21267 _i44387 _d21267 _f2021-11-9 _g5 _lCCODEBUL1 _mBUL _q2 _r0 _sY _tBOOK _u2015-6-24 _xTEOLOGIA _PP35 _0COMPRA _o.STAFF. Colección General |
||
| 980 |
_81 _gALBERTO SANCHEZ Responsable de Automatización |
||